000
00257nam a22000977a 4500
999
_c
2881
_d
2881
008
190403e1983 mx ||||| |||| 00| 0 spa d
245
_a
Tratado de Medicina Interna de Cecil
_d
Vol. 2
250
_a
15a ed.
260
_a
Mexico
_b
Interamericana
_c
1983
500
_3
Baja